В помощь радиолюбителям: электронные узлы

Sonraí bibleagrafaíochta
Príomhchruthaitheoir: Кашкаров А. П. Андрей Петрович
Achoimre:В этой книге читатель найдет конструкции на любой вкус. Важной авторской задачей являлось разработать доступные для начинающих радиолюбителей схемы и их описания, а также показать пути усовершенствования электронных устройств, отразить важнейшие параметры той или иной схемы и показать ее недостатки, чтобы читатель смог самостоятельно дополнить электронную конструкцию по своему вкусу, проявив рационализаторскую жилку и творческий подход. Большинство представленных конструкций созданы для повторения «за один вечер», в течение нескольких часов. Все опубликованные схемы многократно проверены автором, надежны и работают годами в непрерывном цикле (в режиме 24 часа). Книга адресована широкому кругу радиолюбителей с различным уровнем опыта и подготовки.
Teanga:Rúisis
Foilsithe / Cruthaithe: Москва, РадиоСофт, 2006
Sraith:Книжная полка радиолюбителя
Ábhair:
Formáid: LEABHAR
KOHA link:https://koha.lib.tpu.ru/cgi-bin/koha/opac-detail.pl?biblionumber=104753

MARC

LEADER 00000nam0a2200000 4500
001 104753
005 20231101214551.0
010 |a 5930371474 
035 |a (RuTPU)RU\TPU\book\112957 
090 |a 104753 
100 |a 20061107d2006 km y0rusy50 ca 
101 0 |a rus 
102 |a RU 
105 |a a z 001zy 
200 1 |a В помощь радиолюбителям: электронные узлы  |f А. П. Кашкаров 
210 |a Москва  |c РадиоСофт  |d 2006 
215 |a 272 с.  |c ил. 
225 1 |a Книжная полка радиолюбителя  |h Вып. 10 
320 |a Библиогр.: с. 269-270. 
330 |a В этой книге читатель найдет конструкции на любой вкус. Важной авторской задачей являлось разработать доступные для начинающих радиолюбителей схемы и их описания, а также показать пути усовершенствования электронных устройств, отразить важнейшие параметры той или иной схемы и показать ее недостатки, чтобы читатель смог самостоятельно дополнить электронную конструкцию по своему вкусу, проявив рационализаторскую жилку и творческий подход. Большинство представленных конструкций созданы для повторения «за один вечер», в течение нескольких часов. Все опубликованные схемы многократно проверены автором, надежны и работают годами в непрерывном цикле (в режиме 24 часа). Книга адресована широкому кругу радиолюбителей с различным уровнем опыта и подготовки. 
606 1 |a Электронные схемы  |x Расчет  |2 stltpush  |3 (RuTPU)RU\TPU\subj\20522  |9 45621 
610 1 |a электроника 
610 1 |a электронные узлы 
610 1 |a автоматические устройства 
610 1 |a включатели 
610 1 |a сигнализаторы 
610 1 |a звуковые индикаторы 
610 1 |a автоматические сушилки 
610 1 |a фотодатчики 
610 1 |a диммеры 
610 1 |a охранная сигнализация 
610 1 |a самодельная радиоаппаратура 
610 1 |a конструирование 
610 1 |a электрические схемы 
610 1 |a схемотехника 
610 1 |a автомобильная электроника 
610 1 |a конструирование 
675 |a 621.38.061.001  |v 3 
675 |a 621.396.6.001.66  |v 3 
700 1 |a Кашкаров  |b А. П.  |g Андрей Петрович 
801 1 |a RU  |b 63413507  |c 20061107  |g PSBO 
801 2 |a RU  |b 63413507  |c 20130527  |g PSBO 
942 |c BK